Merchant Ships & Shipping (Record no. 6270)
[ view plain ]
| 000 -LEADER | |
|---|---|
| fixed length control field | 00238nam a2200097Ia 4500 |
| 008 - FIXED-LENGTH DATA ELEMENTS--GENERAL INFORMATION | |
| fixed length control field | 201216s9999 xx 000 0 und d |
| 100 ## - MAIN ENTRY--PERSONAL NAME | |
| Personal name | Munro-Smith, R. |
| 245 #0 - TITLE STATEMENT | |
| Title | Merchant Ships & Shipping |
| 260 ## - PUBLICATION, DISTRIBUTION, ETC. | |
| Place of publication, distribution, etc. | London |
| Name of publisher, distributor, etc. | Hutchinson &Co |
| 942 ## - ADDED ENTRY ELEMENTS (KOHA) | |
| Koha item type | Books |
| Withdrawn status | Lost status | Damaged status | Not for loan | Permanent Location | Date acquired | Full call number | Barcode | Date last seen | Price effective from | Koha item type |
|---|---|---|---|---|---|---|---|---|---|---|
| IMU Kolkata | 2020-12-16 | 623.824 M9687 | PM01274 | 2020-12-16 | 2020-12-16 | Books |